000 00376nam a2200145Ia 4500
008 231129s2004||||xx |||||||||||||| ||spa||
020 _a958-04-6704-X
040 _bspa
082 _a(i) Pe863 E76c
100 _aEslava Jorge
245 0 _aCuentos horribles
260 _c2004
264 _aBogotá Colombia : Norma
942 _2ddc
_cBKS
999 _c8503
_d8503